Георгий Якулов- мастер разноцветных солнц (Запись № 11988739)

Подробности
000 -МАРКЕР
контрольное поле 02982nam0a2200469 4500
001 - ИДЕНТИФИКАТОР ЗАПИСИ
контрольное поле RU\NLR\BIBL_A\011499307
005 - ИДЕНТИФИКАТОР ВЕРСИИ
контрольное поле 20260406003244.0
010 ## - МЕЖДУНАРОДНЫЙ СТАНДАРТНЫЙ НОМЕР КНИГИ (ISBN)
Номер (ISBN) 978-5-89580-080-080-5
035 ## - ДРУГИЕ СИСТЕМНЫЕ НОМЕРА
Идентификатор записи (NILC)LIBNET\0000571138
035 ## - ДРУГИЕ СИСТЕМНЫЕ НОМЕРА
Идентификатор записи RSLA\BIBL\0000266731
035 ## - ДРУГИЕ СИСТЕМНЫЕ НОМЕРА
Идентификатор записи (NLR Aleph) 011499307
100 ## - ДАННЫЕ ОБЩЕЙ ОБРАБОТКИ
Данные общей обработки 20171018d2015 |||y0rusy50 ca
101 0# - ЯЗЫК РЕСУРСА
Язык текста, звукозаписи и т.д. русский
Язык резюме английский
102 ## - СТРАНА ПУБЛИКАЦИИ ИЛИ ПРОИЗВОДСТВА
Страна публикации Российская Федерация
105 ## - ПОЛЕ КОДИРОВАННЫХ ДАННЫХ: ТЕКСТОВЫЕ МАТЕРИАЛЫ, МОНОГРАФИЧЕСКИЕ
Кодированные данные о монографическом текстовом документе ach z 001zd
200 1# - ЗАГЛАВИЕ И СВЕДЕНИЯ ОБ ОТВЕТСТВЕННОСТИ
Основное заглавие Георгий Якулов- мастер разноцветных солнц
Сведения, относящиеся к заглавию [каталог выставки, Москва, 21 апреля - 19 июля 2015
Первые сведения об ответственности Государственная Третьяковская галерея
Последующие сведения об ответственности составители, авторы аннотаций и комментариев к произведениям: И. А. Вакар, Т. Н. Михиенко
-- авторы статей: А. Р. Арутюнян и др.]
210 ## - ПУБЛИКАЦИЯ, РАСПРОСТРАНЕНИЕ И ДР.
Место издания, распространения и т.д. Москва
Имя издателя, распространителя и т. д. Государственная Третьяковская галерея
Дата издания, распространения и т.д. 2015
215 ## - ФИЗИЧЕСКАЯ ХАРАКТЕРИСТИКА
Специфическое обозначение материала и объем 317, [1] с.
Другие сведения о физической характеристике ил., цв. ил., портр., факс.
Размеры 28
300 ## - ОБЩИЕ ПРИМЕЧАНИЯ
Текст примечания Рез. англ.
320 ## - ПРИМЕЧАНИЯ О НАЛИЧИИ В ДОКУМЕНТЕ БИБЛИОГРАФИИ / УКАЗАТЕЛЯ
Текст примечания Библиогр. в подстроч. примеч. и в тексте
320 ## - ПРИМЕЧАНИЯ О НАЛИЧИИ В ДОКУМЕНТЕ БИБЛИОГРАФИИ / УКАЗАТЕЛЯ
Текст примечания Имен. указ.: с. 312-313
600 #1 - ИМЯ ЛИЦА КАК ПРЕДМЕТ
Начальный элемент ввода Якулов
Часть имени, кроме начального элемента ввода Г. Б.
Даты 1884 - 1928
Расширение инициалов личного имени Георгий Богданович
Формальный подзаголовок Каталоги
Тематический подзаголовок Выставки
Географический подзаголовок Москва, город
Хронологический подзаголовок 2015
Системный номер авторитетной/нормативной записи 2361743
Идентификатор авторитетной/нормативной записи RU\NLR\AUTH\6601632581
601 02 - НАИМЕНОВАНИЕ ОРГАНИЗАЦИИ КАК ПРЕДМЕТ
Начальный элемент ввода Государственная Третьяковская галерея на Крымском валу
Идентифицирующий признак Москва, город
Формальный подзаголовок Каталоги
Тематический подзаголовок Выставки
Хронологический подзаголовок 2015
Системный номер авторитетной/нормативной записи 2361739
Идентификатор авторитетной/нормативной записи RU\NLR\AUTH\6601632579
686 ## - ИНДЕКСЫ ДРУГИХ КЛАССИФИКАЦИЙ
Индекс 85.143(2)6-8Якулов Г.Б. я26я61
Издание LBC/M
Код системы
686 ## - ИНДЕКСЫ ДРУГИХ КЛАССИФИКАЦИЙ
Индекс 85.146.3(2)6-8Якулов Г.Б. я26я61
Издание LBC/M
Код системы
686 ## - ИНДЕКСЫ ДРУГИХ КЛАССИФИКАЦИЙ
Индекс 85.153(2)-8Якулов Г.Б.я26я61
Издание LBC/M
Код системы
686 ## - ИНДЕКСЫ ДРУГИХ КЛАССИФИКАЦИЙ
Индекс 85.113(2)-8Якулов Г.Б.я26я61
Издание LBC/M
Код системы
686 1# - ИНДЕКСЫ ДРУГИХ КЛАССИФИКАЦИЙ
Индекс Щ143(2Ар)7-8Якулов л62
686 1# - ИНДЕКСЫ ДРУГИХ КЛАССИФИКАЦИЙ
Индекс Щ101.3(2Р)-2Москва2Государственная Третьяковская галерея на Крымском Валу л62
702 #1 - ИМЯ ЛИЦА - ВТОРИЧНАЯ ОТВЕТСТВЕННОСТЬ
Код отношения Прочие
Материалы, к которым относится поле rus
Графика поля Кириллица
Начальный элемент ввода Якулов
Часть имени, кроме начального элемента ввода Г. Б.
Даты 1884-1928
Расширение инициалов личного имени Георгий Богданович
Идентификатор авторитетной/нормативной записи RU\NLR\AUTH\77112792
Системный номер авторитетной/нормативной записи 95717
702 #1 - ИМЯ ЛИЦА - ВТОРИЧНАЯ ОТВЕТСТВЕННОСТЬ
Начальный элемент ввода Вакар
Часть имени, кроме начального элемента ввода И. А.
Расширение инициалов личного имени Ирина Анатольевна
Код отношения Составитель
711 12 - НАИМЕНОВАНИЕ ОРГАНИЗАЦИИ - АЛЬТЕРНАТИВНАЯ ОТВЕТСТВЕННОСТЬ
Начальный элемент ввода "Георгий Якулов - мастер разноцветных солнц", выставка
Место проведения временной организации Москва
Дата проведения временной организации 2015
Системный номер авторитетной/нормативной записи 595848
Идентификатор авторитетной/нормативной записи RU\NLR\AUTH\880466916
711 12 - НАИМЕНОВАНИЕ ОРГАНИЗАЦИИ - АЛЬТЕРНАТИВНАЯ ОТВЕТСТВЕННОСТЬ
Начальный элемент ввода "Георгий Якулов - мастер разноцветных солнц", выставка
Место проведения временной организации Москва
Дата проведения временной организации 2015
801 #0 - ИСТОЧНИК ЗАПИСИ
Страна Российская Федерация
Организация РГБИ
Дата составления 20150716
Правила каталогизации rcr
801 #1 - ИСТОЧНИК ЗАПИСИ
Страна Российская Федерация
Организация РГБИ
Дата составления 20150716
942 ## - ДОПОЛНИТЕЛЬНЫЕ ЭЛЕМЕНТЫ ЗАПИСИ (АБИС)
Тип экземпляра АБИС Книга
980 ## - КОЛЛЕКЦИЯ
Название коллекции Национальная библиография
Экземпляры
Тип экземпляра Дата поступления Источник поступления Стоимость Библиотека постоянного хранения Библиотека текущего хранения Место хранения Шифр хранения Штрих-код Статус экземпляра
Книга 29.03.2018   0.00 РНБ (Московский) РНБ (Московский) Залы гуманитарной литературы   ERR-115014  
Книга 18.10.2017 Покупка 2380.00 РНБ (Садовая) РНБ (Садовая) Фонд эстампов и фотографий (изоизданий) Э КП/Я494 1-2215521